عرض عادي
عرض مارك
- باشا، أحمد فؤاد،
دخول Personal Name
001 - CONTROL NUMBER
- control field: 27584
003 - CONTROL NUMBER IDENTIFIER
- control field: AE-AdECS
005 - DATE AND TIME OF LATEST TRANSACTION
- control field: 20260325084140.0
008 - FIXED-LENGTH DATA ELEMENTS
- fixed length control field: 260325|| aca||aabn | a|a d
040 ## - CATALOGING SOURCE
- Original cataloging agency: AE-AdECS
- Transcribing agency: AE-AdECS
100 ## - HEADING--PERSONAL NAME
- Personal name: باشا، أحمد فؤاد،
670 ## - SOURCE DATA FOUND
- Source citation: Work cat.: (AE-AdECS)294496: باشا، أحمد فؤاد، مؤلف., بحوث و مراجعات في ترشيد الفكر العلمي /
